00493cam a22002171 4500001001300000003000400013005001700017008004100034010001700075035002000092040001800112042001200130050002000142100002100162245001700183260001100200300001900211500001600230500001200246999001700258sa 65000721 DLC20260227112104.0890829s1960 bg 000 0 beno  asa 65000721  a(OCoLC)20276913 aDLCcWaUdDLC apremarc00aPK1718.I84bA691 aIslam, Muzharul.10aAgnisnāna. c[1960] a121 p.c18 cm. aIn Bengali. aA play. c61696d61696